000 00387 a2200133 4500
001 87959
082 _aPR 308
090 _c41429
_d41429
100 _aQaisar Shahzad; Athar Kharal, Prof
245 _aDevelopment of software for use in Pakistan Air Force meteorological departments
_nG-58
260 _aRisalpur
_bNUST
_c2003
300 _aviii, 150 p.
500 _aBE project reports AE
942 _aCAE NUST
_kPR 308
999 _c323032
_d323032